| 000 | 00483nam a22001697a 4500 | ||
|---|---|---|---|
| 008 | 211103b |||||||| |||| 00| 0 eng d | ||
| 020 | _a1444180022 | ||
| 050 |
_aRA651 _b.G54 2017 c.1 |
||
| 100 | _aGiesecke, Johan | ||
| 245 |
_aModern Infectious Disease Epidemiology _cJohan Giesecke |
||
| 250 | _a3rd ed. | ||
| 260 |
_aLondon _bCRC Press _c2017 |
||
| 300 | _axii, 233p. | ||
| 650 |
_aCommunicable diseases _vepidemiology |
||
| 650 | _aEpidemiologic methods | ||
| 942 |
_2lcc _cBK |
||
| 999 |
_c19086 _d19085 |
||